ბათუმის შოთა რუსთაველის სახელმწიფო უნივერსიტეტის ბიბლიოთეკა

Analysis and modeling of radio wave propagation / (ბიბ.ჩანაწერი № 58334)

000 -LEADER
fixed length control field 00729cam a22002058i 4500
001 - CONTROL NUMBER
control field 19358821
005 - DATE AND TIME OF LATEST TRANSACTION
control field 20221110114755.0
008 - FIXED-LENGTH DATA ELEMENTS--GENERAL INFORMATION
fixed length control field 161031t20172016enk b 001 0 eng c
020 ## - INTERNATIONAL STANDARD BOOK NUMBER
International Standard Book Number 9781107175563x
041 ## - LANGUAGE CODE
Language code of text/sound track or separate title eng
080 ## - UNIVERSAL DECIMAL CLASSIFICATION NUMBER
Universal Decimal Classification number 621.396 C-69
100 1# - MAIN ENTRY--PERSONAL NAME
Personal name Coleman, Christopher
Dates associated with a name
9 (RLIN) 9154
245 10 - TITLE STATEMENT
Title Analysis and modeling of radio wave propagation /
Statement of responsibility, etc. Christopher John Coleman, University of Adelaide.
264 #4 - PRODUCTION, PUBLICATION, DISTRIBUTION, MANUFACTURE, AND COPYRIGHT NOTICE
Date of production, publication, distribution, manufacture, or copyright notice New York, NY :
Place of production, publication, distribution, manufacture Cambridge University Press,
Name of producer, publisher, distributor, manufacturer [2017].
300 ## - PHYSICAL DESCRIPTION
Extent 220 pages ;
Other physical details 27 cm.
653 ## - INDEX TERM--UNCONTROLLED
keyword რადოიკავშირის მეთოდები
653 ## - INDEX TERM--UNCONTROLLED
keyword Методы радиосвязи
653 ## - INDEX TERM--UNCONTROLLED
keyword ელექტრომაგნეტიზმი
942 ## - ADDED ENTRY ELEMENTS (KOHA)
Source of classification or shelving scheme
Koha item type წიგნი
ეგზემპლარები
Withdrawn status Lost status Source of classification or shelving scheme Damaged status Not for loan Permanent Location Current Location Date acquired Cost, normal purchase price Full call number Barcode Date last seen Copy number Price effective from Koha item type Public note
          ბათუმის შოთა რუსთაველის სახელმწიფო უნივერსიტეტის მთავარი ბიბლიოთეკა ბათუმის შოთა რუსთაველის სახელმწიფო უნივერსიტეტის მთავარი ბიბლიოთეკა 2021-11-10 190.00 621.396 C-69 55366 2021-11-10 55366 2021-11-10 წიგნი 190.00 GEL.